000 00513nam a22001457a 4500
082 _a620.005
100 _aTahir, Muhammad Faseeh
245 _aAdoption of Decision Support Systems (DSS) to Supplement Organizational Decision Making /
_cMuhammad Faseeh Tahir
260 _aIslamabad :
_bCEME - NUST,
_c2012.
300 _a125 p. ;
_c30cm.
650 _aEngineering Management-MS-Thesis
_916065
700 _aDr. Shafqat Hameed
_929330
942 _2ddc
_cTHE
999 _c536973
_d536973